000 00639nam a2200217 4500
003 OSt
005 20240626012319.0
006 a
008 240626b |||||||| |||| 00| 0 eng d
020 _a9710870971
040 _aDWCL-Main lib.
_cOC
082 _aFil. 001.4 P156r 2010
100 _aPaler-Calmorin, Laurentina
245 _aResearch and statistics with computer /
260 _aMandaluyong City :
_bNational Book Store,
_cc2010.
300 _axiv,
_b610 p. ;
_c23 cm.
504 _aIncludes bibliographical references.
650 _a1. Research.
650 _a2. Research-Methodology.
942 _2ddc
_n0
_cBK - FIL
_kFil.
999 _c1353
_d1353